LEADER 01060nam0-2200337---450- 001 990008469410403321 005 20070328122649.0 010 $a3-89646-354-3 035 $a000846941 035 $aFED01000846941 035 $a(Aleph)000846941FED01 035 $a000846941 100 $a20070215d2004----km-y0itay50------ba 101 0 $ager 102 $aDE 105 $aaf--g---001yy 200 1 $aAnonyme griechische Porträts des 4. Jhs. v. Chr.$eChronologie und Typologie$fDirk Piekarski 210 $aRahden$cLeidorf$d©2004 215 $a210 p., 39 p. di tav.$cill.$d30 cm 225 1 $aInternationale Archäologie$fherausgegeben von Claus Dobit und Klaus Leidorf$v82 610 0 $aScultura greca$aRitratti 676 $a733.3$v21$zita 676 $a930.1$v21$zita 700 1$aPiekarski,$bDirk$0300206 801 0$aIT$bUNINA$gRICA$2UNIMARC 901 $aBK 912 $a990008469410403321 952 $a930.1 PIE 2$bBibl. 52954$fFLFBC 959 $aFLFBC 996 $aAnonyme griechische Porträts des 4. Jhs. v. Chr$9729608 997 $aUNINA LEADER 01048cam0-22003491i-450- 001 990007839840403321 005 20061116132856.0 010 $a88-348-2531-4 035 $a000783984 035 $aFED01000783984 035 $a(Aleph)000783984FED01 035 $a000783984 100 $a20031124d2003----km-y0itay50------ba 101 0 $aita 102 $aIT 105 $ay-------001yy 200 1 $aAggiornamenti sulle riforme costituzionali (1998-2002)$fFranco Modugno, Alfonso Celotto, Marco Ruotolo 210 $aTorino$cGiappichelli$d© 2003 215 $aVI, 102 p.$d21 cm 676 $a342.4$v20$zita 700 1$aModugno,$bFranco$f<1938- >$0145075 701 1$aCelotto,$bAlfonso$f<1966- >$0240215 701 1$aRuotolo,$bMarco$0259394 801 0$aIT$bUNINA$gRICA$2UNIMARC 901 $aBK 912 $a990007839840403321 952 $aXI D M 7 (6)$b2871$fDFD 952 $aVIII A 77$b5651$fDDCIC 959 $aDDCIC 959 $aDFD 996 $aAggiornamenti sulle riforme costituzionali (1998-2002$9672307 997 $aUNINA